000 00730nam a2200253Ia 4500
003 OSt
005 20220923214608.0
006 a|||||r|||| 00| 0
007 ta
008 220922b |||||||| |||| 00| 0 hin d
024 _a171,168
037 _cTextual
040 _aARTS
_cARTS
_bhin
041 _2hin
_ahin
082 _aO152:3N14:22, K3.2
100 _aयशपाल
245 0 _aझूठा सच
_b देश का भविष्य
246 _aZūṭhā sacha: desh kā bhaviṣhya
250 _aसंस्क0 2
260 _c1963
490 _aविप्लव प्रकाशन; 36
942 _hO152:3N14:22, K3.2
_cTEXL
_2CC
999 _c325393
_d325393